| 000 | 01523cad a22002295a 4500 | ||
|---|---|---|---|
| 001 | L157128 | ||
| 008 | 120906e20120906xxk g 000 0 eng d | ||
| 035 | _a(Sirsi) u157128 | ||
| 041 | 0 | _aeng | |
| 110 | 2 |
_aUnited Kingdom _bDepartment for Communities and Local Government _94939 |
|
| 245 | 0 | 0 |
_aPlan to boost British housebuilding, jobs and the economy _h[electronic resource] |
| 260 | _c2012 | ||
| 490 |
_aDepartment for Communities and Local Government News Release _v6 September 2012 |
||
| 520 | _aGovernment announces major housing and planning package aimed at helping businesses, developers and first-time buyers, while reducing red tape. This will help deliver up to 70 000 new homes, 140 000 jobs and give a £40 billion guarantee for major infrastructure projects. The measures include removing restrictions on house builders to unlock 75 000 homes currently stalled due to sites being commercially unviable, building up to 15 000 affordable homes and bringing 5 000 empty homes back into use using new capital funding of £300m. Also for a time limited period it is proposed that planning red tape is reduced to help families and businesses make improvements to their properties. | ||
| 590 | _aKA NTK | ||
| 651 | 4 |
_aUnited Kingdom _y |
|
| 690 |
_aResidential property _96266 |
||
| 690 |
_aAffordable housing _96215 |
||
| 690 |
_aPlanning and development _96259 |
||
| 856 | 4 | 0 |
_uhttps://www.communities.gov.uk/news/newsroom/2211779 _zView the press release free of charge at www.communities.gov.uk |
| 942 | _n0 | ||
| 999 |
_c84264 _d84264 |
||